[Event "GER-ch 86th"]
[Site "Saarbruecken"]
[Date "2015.12.04"]
[Round "2"]
[White "Stips, Felix"]
[Black "Stern, Rene"]
[Result "1/2-1/2"]
[WhiteElo "2319"]
[BlackElo "2538"]
[PlyCount "128"]
[EventDate "2015.12.03"]
[EventType "swiss"]
[EventRounds "9"]
[EventCountry "GER"]
[SourceTitle "CBM 169 Extra"]
[Source "ChessBase"]
[SourceDate "2015.12.18"]
[SourceVersion "1"]
[SourceVersionDate "2015.12.18"]
[SourceQuality "1"]

1. Nf3 Nf6 2. c4 e6 3. Nc3 d5 4. d4 Nbd7 5. cxd5 exd5 6. Bf4 c6 7. Qc2 Nh5 8. Bg5 Be7 9. Bxe7 Qxe7 10. e3 Nb6 11. h3 g6 12. g4 Ng7 13. 0-0-0 Be6 14. Ne5 0-0-0 15. Be2 Kb8 16. Kb1 Ne8 17. Na4 Nxa4 18. Qxa4 Nd6 19. Rc1 f6 20. Nd3 Ne4 21. Rhe1 Bc8 22. Ka1 Rhe8 23. Bf1 Qc7 24. Rc2 h5 25. Bg2 hxg4 26. hxg4 g5 27. Bf3 Qh7 28. Rh1 Qg6 29. Qa3 Rh8 30. Rcc1 Nd2 31. Be2 Nc4 32. Qc3 Qg7 33. b3 Nd6 34. Rcg1 Rxh1 35. Rxh1 Rh8 36. Qe1 Rh6 37. Qg1 Qh7 38. Rxh6 Qxh6 39. Qg2 Qh4 40. Kb2 b6 41. Bf3 Kc7 42. Bd1 Be6 43. Be2 Bf7 44. Qg1 Bg6 45. Ne1 Kd7 46. Bd3 Bf7 47. Qg2 Be6 48. Be2 Ne4 49. Nd3 Ke7 50. f3 Nd6 51. Kc1 Bf7 52. Kd2 Bg6 53. Nf2 Qh7 54. Bd3 Bxd3 55. Nxd3 Kd7 56. Qg1 Qh3 57. Ke2 a5 58. a4 Qh7 59. Qb1 Kc7 60. Qe1 Qh2+ 61. Qf2 Qh1 62. Qe1 Qh2+ 63. Qf2 Qh1 64. Qe1 Qh2+ 1/2-1/2

[Event "BL2-Ost 1415"]
[Site "Germany"]
[Date "2015.02.01"]
[Round "8.3"]
[White "Stips, Felix"]
[Black "Enders, Peter"]
[Result "0-1"]
[WhiteElo "2335"]
[BlackElo "2466"]
[PlyCount "58"]
[EventDate "2014.10.18"]
[EventType "team-tourn"]
[EventRounds "10"]
[EventCountry "GER"]
[SourceTitle "CBM 166 Extra"]
[Source "ChessBase"]
[SourceDate "2015.06.18"]
[SourceVersion "1"]
[SourceVersionDate "2015.06.18"]
[SourceQuality "1"]
[WhiteTeam "Bindlach Aktionaer"]
[BlackTeam "Erfurt"]
[WhiteTeamCountry "GER"]
[BlackTeamCountry "GER"]

1. Nf3 Nf6 2. c4 g6 3. Nc3 Bg7 4. e4 d6 5. d4 0-0 6. Be2 Nbd7 7. 0-0 e5 8. d5 Nc5 9. Qc2 a5 10. Bg5 h6 11. Be3 Ng4 12. Bxc5 dxc5 13. h3 Nf6 14. Nxe5 Nxd5 15. cxd5 Bxe5 16. f4 Bd4+ 17. Kh2 Bd7 18. Bd3 Qe7 19. e5 g5 20. g3 gxf4 21. gxf4 Kh8 22. Ne2 Qh4 23. e6 fxe6 24. Nxd4 cxd4 25. Qxc7 Rg8 26. Rf3 Rg7 27. Qe5 exd5 28. Rg1 Rag8 29. Rfg3 Bxh3 0-1

[Event "BL2-Ost 1415"]
[Site "Germany"]
[Date "2014.10.18"]
[Round "1.5"]
[White "Stips, Felix"]
[Black "Heidrich, Manfred"]
[Result "1/2-1/2"]
[WhiteElo "2335"]
[BlackElo "2340"]
[PlyCount "175"]
[EventDate "2014.10.18"]
[EventType "team-tourn"]
[EventRounds "10"]
[EventCountry "GER"]
[SourceTitle "CBM 166 Extra"]
[Source "ChessBase"]
[SourceDate "2015.06.18"]
[SourceVersion "1"]
[SourceVersionDate "2015.06.18"]
[SourceQuality "1"]
[WhiteTeam "Bindlach Aktionaer"]
[BlackTeam "Forchheim"]
[WhiteTeamCountry "GER"]
[BlackTeamCountry "GER"]

1. Nf3 f5 2. g3 Nf6 3. Bg2 g6 4. 0-0 Bg7 5. d4 d6 6. b3 e5 7. dxe5 Ng4 8. Bb2 Nd7 9. Nd4 Ndxe5 10. h3 Nf6 11. c4 0-0 12. Nc3 c6 13. Qc2 Bd7 14. Rad1 Qc7 15. Kh2 Rae8 16. f4 Nf7 17. Rfe1 Re7 18. e3 Rfe8 19. Qf2 Bc8 20. Re2 Nd8 21. b4 Ne6 22. Nc2 Nd8 23. Red2 Nf7 24. Ba1 a5 25. a3 axb4 26. axb4 Be6 27. Qf1 Qb6 28. Bf3 Ra8 29. Rg2 Nd7 30. Qd3 Qa6 31. Be2 Nf6 32. Nd4 Bd7 33. Bb2 Qb6 34. Nc2 Be6 35. Bf3 Rd8 36. g4 Rde8 37. Rdg1 fxg4 38. hxg4 Qa6 39. b5 Qb6 40. Nd4 Bxg4 41. Na4 Qa7 42. Bxg4 Nxg4+ 43. Rxg4 Qxa4 44. Nf5 Bxb2 45. Nxe7+ Kf8 46. Rb1 Bf6 47. bxc6 Bxe7 48. cxb7 Rb8 49. Rg2 Qc6 50. Rgb2 Qf3 51. Qd4 Qh5+ 52. Kg2 Nd8 53. Qe4 Qg4+ 54. Kf1 Kf7 55. Rb6 Qe6 56. Qd4 Rxb7 57. Qd5 Rxb6 58. Rxb6 Qxd5 59. cxd5 Kf6 60. e4 Nf7 61. e5+ Kg7 62. Rb7 Kf8 63. Rb8+ Kg7 64. Re8 dxe5 65. fxe5 Nxe5 66. Rxe7+ Kf6 67. Rxh7 Nc4 68. Rd7 Ke5 69. Ke2 Nb6 70. Rg7 Nxd5 71. Kf3 Kf5 72. Ra7 Kf6 73. Ra6+ Kf7 74. Ke4 Ne7 75. Ke5 g5 76. Ra7 Kf8 77. Kf6 Ng8+ 78. Kxg5 Ne7 79. Kf6 Ng8+ 80. Ke6 Nh6 81. Rh7 Ng8 82. Rf7+ Ke8 83. Rg7 Kf8 84. Rf7+ Ke8 85. Ra7 Kf8 86. Kf5 Ne7+ 87. Ke6 Ng8 88. Rf7+ 1/2-1/2

[Event "Bayern-ch"]
[Site "Rosenheim"]
[Date "2014.08.27"]
[Round "7"]
[White "Lederle, Vitus"]
[Black "Stips, Felix"]
[Result "1-0"]
[WhiteElo "2200"]
[BlackElo "2315"]
[PlyCount "101"]
[EventDate "2014.08.23"]
[EventType "swiss"]
[EventRounds "9"]
[EventCountry "GER"]
[SourceTitle "EXT 2015"]
[Source "ChessBase"]
[SourceDate "2014.11.20"]
[SourceVersion "1"]
[SourceVersionDate "2014.11.20"]
[SourceQuality "1"]

1. e4 e5 2. Nf3 Nc6 3. Bc4 Bc5 4. c3 Nf6 5. d3 d6 6. Bb3 h6 7. h3 0-0 8. Nbd2 Bb6 9. Nf1 d5 10. Qe2 dxe4 11. dxe4 Nh5 12. g3 Qe7 13. Ne3 Nf6 14. Nh4 Rd8 15. Nhf5 Bxf5 16. Nxf5 Qf8 17. Qf3 Ne8 18. Bxh6 gxh6 19. Nxh6+ Kh7 20. Nxf7 Rd6 21. Ng5+ Kg7 22. Ne6+ Rxe6 23. Qxf8+ Kxf8 24. Bxe6 Nd6 25. f3 Ke7 26. Bb3 Na5 27. Ke2 Nxb3 28. axb3 Rg8 29. g4 Nf7 30. Rad1 Ng5 31. Rd5 Ke6 32. h4 Nf7 33. Rhd1 Rh8 34. h5 Nd6 35. c4 Bd4 36. R5xd4 exd4 37. Rxd4 Rg8 38. Rd5 Nf7 39. Kf2 Ne5 40. Kg3 c6 41. Rd1 a5 42. h6 Nf7 43. c5 Rh8 44. f4 Rxh6 45. g5 Rh8 46. g6 Rg8 47. Kf3 Nh6 48. Rd6+ Ke7 49. f5 b6 50. f6+ Ke8 51. cxb6 1-0

[Event "Bayern-ch"]
[Site "Rosenheim"]
[Date "2014.08.25"]
[Round "4"]
[White "Stips, Felix"]
[Black "Schelle, Artur"]
[Result "1-0"]
[WhiteElo "2315"]
[BlackElo "2247"]
[PlyCount "41"]
[EventDate "2014.08.23"]
[EventType "swiss"]
[EventRounds "9"]
[EventCountry "GER"]
[SourceTitle "EXT 2015"]
[Source "ChessBase"]
[SourceDate "2014.11.20"]
[SourceVersion "1"]
[SourceVersionDate "2014.11.20"]
[SourceQuality "1"]

1. Nf3 g6 2. d4 d6 3. g3 Bg7 4. Bg2 Nf6 5. 0-0 0-0 6. a4 Nc6 7. a5 a6 8. d5 Nb8 9. c4 c6 10. Nc3 cxd5 11. cxd5 Bg4 12. Nd2 b5 13. axb6 Qxb6 14. Nc4 Qc7 15. Na5 Qc8 16. Na4 Qc7 17. Bd2 Rc8 18. Rc1 Qd8 19. Rxc8 Bxc8 20. Qb3 Bd7 21. Qb7 1-0

[Event "BL2-Ost 1314"]
[Site "Germany"]
[Date "2013.12.14"]
[Round "7.8"]
[White "Stips, Felix"]
[Black "Troyke, Christian"]
[Result "1/2-1/2"]
[WhiteElo "2315"]
[BlackElo "2326"]
[PlyCount "39"]
[EventDate "2013.10.12"]
[EventType "team-tourn"]
[EventRounds "10"]
[EventCountry "GER"]
[SourceTitle "EXT 2015"]
[Source "ChessBase"]
[SourceDate "2014.11.20"]
[SourceVersion "1"]
[SourceVersionDate "2014.11.20"]
[SourceQuality "1"]
[WhiteTeam "Bindlach Aktionaer"]
[BlackTeam "Erfurt"]
[WhiteTeamCountry "GER"]
[BlackTeamCountry "GER"]

1. Nf3 Nf6 2. c4 g6 3. Nc3 Bg7 4. e4 0-0 5. d4 d6 6. Be2 Bg4 7. Be3 Nfd7 8. Rc1 e5 9. d5 f5 10. h3 Bxf3 11. Bxf3 Bf6 12. 0-0 Bg5 13. Bxg5 Qxg5 14. b4 a5 15. a3 axb4 16. axb4 Na6 17. Rb1 Kh8 18. Qc2 Nf6 19. Rfc1 Rf7 20. Rf1 1/2-1/2

[Event "Wunsiedel op 7th"]
[Site "Wunsiedel"]
[Date "2013.05.09"]
[Round "2"]
[White "Hahn, Florian"]
[Black "Stips, Felix"]
[Result "1/2-1/2"]
[WhiteElo "2060"]
[BlackElo "2283"]
[PlyCount "54"]
[EventDate "2013.05.09"]
[EventType "swiss"]
[EventRounds "7"]
[EventCountry "GER"]
[SourceTitle "CBM 154 Extra"]
[Source "ChessBase"]
[SourceDate "2013.06.25"]
[SourceVersion "2"]
[SourceVersionDate "2013.06.25"]
[SourceQuality "1"]

1. d4 d5 2. Nf3 Nc6 3. g3 Bg4 4. Bg2 Qd7 5. Nbd2 Bh3 6. 0-0 0-0-0 7. Ne5 Nxe5 8. dxe5 h5 9. Nf3 h4 10. Qd4 hxg3 11. fxg3 Kb8 12. Be3 b6 13. a4 Bxg2 14. Kxg2 Nh6 15. Bxh6 Rxh6 16. a5 e6 17. axb6 cxb6 18. Qd3 f6 19. Ra6 Bc5 20. Rfa1 Rdh8 21. Rxa7 Qxa7 22. Rxa7 Kxa7 23. Qb5 fxe5 24. Qd7+ Ka6 25. Qa4+ Kb7 26. Qd7+ Ka6 27. Qa4+ Kb7 1/2-1/2

[Event "Lugano New op 7th"]
[Site "Lugano"]
[Date "2013.03.31"]
[Round "4"]
[White "Salvetti, Alec"]
[Black "Stips, Felix"]
[Result "1-0"]
[WhiteElo "2226"]
[BlackElo "2227"]
[PlyCount "59"]
[EventDate "2013.03.29"]
[EventType "swiss"]
[EventRounds "6"]
[EventCountry "SUI"]
[SourceTitle "CBM 153 Extra"]
[Source "ChessBase"]
[SourceDate "2013.04.22"]
[SourceVersion "1"]
[SourceVersionDate "2013.04.22"]
[SourceQuality "1"]

1. c4 e5 2. g3 Nf6 3. Bg2 c6 4. Nc3 d5 5. d4 exd4 6. Qxd4 Be6 7. cxd5 cxd5 8. Nf3 Nc6 9. Qa4 Bc5 10. 0-0 0-0 11. Bf4 Qe7 12. Ne5 Rac8 13. Nd3 Bd4 14. Nb5 Bb6 15. Bd6 Qd7 16. Bxf8 Rxf8 17. Nc3 Bh3 18. Bxh3 Qxh3 19. Nf4 Qf5 20. Rad1 d4 21. Qb5 Ne5 22. Ncd5 Nxd5 23. Qxd5 Rd8 24. Qxb7 g5 25. Nd3 Ng4 26. Qf3 Qe6 27. Rc1 Rd5 28. Rc8+ Kg7 29. Re8 Qd7 30. Re7 1-0